000 00412nam a2200145Ia 4500
008 210210b1951 xxu||||| |||| 00| 0 eng d
082 _a651.75 GIDN
100 _aGIDEON (John S).
245 _aNew business correspondence.
260 _aBangalore.
_bThe Bangalore Printing & Publishing Co. Ltd.,
_c1951
300 _a232
650 _aBusiness Correspondence
690 _aCorrespondence
906 _aSG01540
999 _c113068
_d113068